Profile 1 : pre-intermediate workbook /

Guardado en:
Autor Principal: Naunton, Jon
Formato: Libro
Publicado: New York : Oxford, 2005
Series:Business English
Materias:
Etiquetas: Agregar Etiqueta
Sin Etiquetas, Sea el primero en etiquetar este registro!
LEADER 00573nam a22002055a 4500
001 CEM.cems012837
005 20080422113355.0
008 130507s2005##################000#0#####d
003 CEMS
020 |a 0194575845 
082 0 4 |a 428.64 
100 1 |a Naunton, Jon 
245 1 0 |a Profile 1 :  |b pre-intermediate workbook /  |c Jon Naunton 
260 |a New York :  |b Oxford,  |c 2005 
300 |a 80 p. 
490 0 |a Business English 
653 |a Inglés 
653 |a Inglés-textos 
653 |a Inglés-actividades 
859 |a CEMS  |b BIB. CEMS - 11 de abril  |h 428.64  |i N226-1  |p 25111.08  |t Ej.1  |v 1  |3 1